000
00284nam a2200109Ia 4500
008
200302s9999 xx 000 0 und d
100
_a
S. K. Solomon
245
_a
Design of Reinforced Concrete Structures
260
_b
IBT Publishers & Destributors
260
_c
1987
300
_a
360 P.,
999
_c
3982
_d
3982